000 00672nam a2200217Ia 4500
003 OSt
005 20230503155110.0
008 210423s2019 xx 000 0 und d
020 _a978-0-367-37636-9
040 _cAL
041 _aeng
082 _a658.3009
_223
_bRICG
100 _aRICKARD (Cat);BAKER (Jodi);CREW (Yonca Tiknaz)
_997332
245 _aGoing Global: managing the HR function across countries and cultures
260 _aNew york
_bRoutledge
_c2019
300 _aix,108
_bHB
365 _b595
_cINR
650 _aPersonnel Management
_997333
906 _aacross ; countries ; cultures ; function ; Global: ; Going ; HR ; managing
942 _2ddc
_cBK
999 _c171020
_d171020